| 000 | 00658nam a22002177a 4500 | ||
|---|---|---|---|
| 003 | OSt | ||
| 005 | 20140310182320.0 | ||
| 008 | 130313t xxu||||| |||| 00| 0 eng d | ||
| 020 | _a0865923817 | ||
| 050 |
_aBJ 1475 _b.G65 1987 |
||
| 082 |
_aGS 179.9 _bG58 1987 |
||
| 100 |
_aGoley, Elaine P. _921119 |
||
| 245 |
_aCaring / _cElaine P. Goley ; illustrated by Debbie Crocker. |
||
| 260 |
_aVero Beach, FL : _bRourke Enterprises, _c1987. |
||
| 300 |
_a32 p. : _bcol. ill. ; _c27 cm. |
||
| 440 |
_aLearn the value of _921111 |
||
| 650 |
_aCaring _xJuvenile literature. _921120 |
||
| 650 |
_aConduct of life. _91175 |
||
| 942 |
_2lcc _cBK-GS |
||
| 999 |
_c11798 _d11798 |
||